Home Row Key Images Quiz Stats

 Plays Quiz Updated May 23, 2013

Challenge
Share
Tweet
Score 0/20 Timer 05:00
0 Plays Today
% Correct
flag
98.3%
glass
94.5%
salad
91.6%
Alaska
88.9%
hall
87.3%
half
83.6%
salsa
80%
Flash
77.1%
Gaga
76.1%
Slash
68.3%
% Correct
sash
64.3%
flask
61.8%
Alfalfa
58.4%
Ash
54.7%
Laa-laa
52.6%
Dash
46.7%
Jada (Pinkett Smith)
42%
Dallas
17.8%
Kafka
15.8%
Shah
14.4%

You're not logged in!

Compare scores with friends on all Sporcle quizzes.
Join for Free
OR
Log In

You Might Also Like...

Show Comments

Extras

Top Quizzes Today


Score Distribution

Your Account Isn't Verified!

In order to create a playlist on Sporcle, you need to verify the email address you used during registration. Go to your Sporcle Settings to finish the process.

Report this User

Report this user for behavior that violates our Community Guidelines.

Details: